<?xml version="1.0" encoding="UTF-8"?>
<collection xmlns="http://www.loc.gov/MARC21/slim">
 <record>
  <leader>01153cam a2200301 7i4500</leader>
  <controlfield tag="001">0000107291</controlfield>
  <controlfield tag="005">20231012090000.0</controlfield>
  <controlfield tag="008">231012t20122012my a   ###   #00001may##</controlfield>
  <datafield tag="020" ind1="#" ind2="#">
   <subfield code="a">9789834611194 </subfield>
  </datafield>
  <datafield tag="040" ind1="#" ind2="#">
   <subfield code="a">UMT </subfield>
   <subfield code="b">eng </subfield>
   <subfield code="c">UMT </subfield>
   <subfield code="d">Malcat </subfield>
   <subfield code="e">rda</subfield>
  </datafield>
  <datafield tag="090" ind1="0" ind2="0">
   <subfield code="a">DS 595.2 .M35 </subfield>
   <subfield code="b">M33 2012</subfield>
  </datafield>
  <datafield tag="100" ind1="0" ind2="#">
   <subfield code="a">Mahathir Mohamad, </subfield>
   <subfield code="c">Tun Dato' Seri Dr.,, </subfield>
   <subfield code="d">1925- </subfield>
   <subfield code="e">author </subfield>
  </datafield>
  <datafield tag="245" ind1="1" ind2="0">
   <subfield code="a">Wira Malaysiaku  </subfield>
   <subfield code="c">Tun Dr. Mahathir Mohamad.</subfield>
  </datafield>
  <datafield tag="264" ind1="#" ind2="4">
   <subfield code="c">♭2012</subfield>
  </datafield>
  <datafield tag="264" ind1="#" ind2="1">
   <subfield code="a">Kuala Lumpur: </subfield>
   <subfield code="b">Dewan Bahasa dan Pustaka, </subfield>
   <subfield code="c">2012</subfield>
  </datafield>
  <datafield tag="300" ind1="#" ind2="#">
   <subfield code="a">v, 28 pages: </subfield>
   <subfield code="b">colour illustrations; </subfield>
   <subfield code="c">24 cm</subfield>
  </datafield>
  <datafield tag="336" ind1="#" ind2="#">
   <subfield code="a">text -- </subfield>
   <subfield code="2">rdacontent</subfield>
  </datafield>
  <datafield tag="337" ind1="#" ind2="#">
   <subfield code="a">unmediated -- </subfield>
   <subfield code="2">rdamedia</subfield>
  </datafield>
  <datafield tag="338" ind1="#" ind2="#">
   <subfield code="a">volume -- </subfield>
   <subfield code="2">rdacarrier</subfield>
  </datafield>
  <datafield tag="490" ind1="1" ind2="#">
   <subfield code="a">Portfolio Wacana Intelek dan Acara (WIRA)</subfield>
  </datafield>
  <datafield tag="590" ind1="#" ind2="#">
   <subfield code="a">Perpustakaan Sultanah Nur Zahirah </subfield>
  </datafield>
  <datafield tag="650" ind1="0" ind2="0">
   <subfield code="a">Malays (Asian people) </subfield>
  </datafield>
  <datafield tag="650" ind1="0" ind2="0">
   <subfield code="a">Malays (Asian people) -- </subfield>
   <subfield code="x">Intellectual life </subfield>
  </datafield>
  <datafield tag="650" ind1="0" ind2="0">
   <subfield code="a">Speeches, addresses, etc., Malaysian </subfield>
  </datafield>
  <datafield tag="650" ind1="0" ind2="0">
   <subfield code="a">Malays (Asian people) -- </subfield>
   <subfield code="x">Social life and customs </subfield>
  </datafield>
  <datafield tag="651" ind1="#" ind2="0">
   <subfield code="a">Malaysia -- </subfield>
   <subfield code="x">Social conditions </subfield>
  </datafield>
  <datafield tag="830" ind1="#" ind2="0">
   <subfield code="a">Portfolio Wacana Intelek dan Acara (WIRA)</subfield>
  </datafield>
  <datafield tag="999" ind1=" " ind2=" ">
   <subfield code="a">1100090763</subfield>
   <subfield code="b">Book</subfield>
   <subfield code="c">Open Shelf</subfield>
   <subfield code="e">KOLEKSI TERBUKA</subfield>
  </datafield>
 </record>
</collection>
